| 000 -LEADER |
| fixed length control field |
00720nam a22001337a 4500 |
| 040 ## - CATALOGING SOURCE |
| Transcribing agency |
RUA |
| 082 ## - DEWEY DECIMAL CLASSIFICATION NUMBER |
| Classification number |
RUB YOR 2017 B662 Or.1 |
| 100 ## - MAIN ENTRY--AUTHOR NAME |
| Personal name |
YORN SOKVANN យ៉ន សុខវ៉ាន់ |
| 245 ## - TITLE STATEMENT |
| Title |
rrimflow stimulation on clones pr 107, GT1 and PB2017 at sopheak nika invesment group Co.,LTd រញេចកម្មRRIMFLOW ទៅលើក្លូន PR 107 , GT1 និងPB2017 នៅក្រុមហ៊ុន សុភក្តិនីការ អុិនវេសមេន គ្រុប ខូ.,អិលធីឌី |
| 260 ## - PUBLICATION, DISTRIBUTION, ETC. (IMPRINT) |
| Place of publication |
RUA |
| Name of publisher |
phnome penh |
| Year of publication |
2017 |
| 300 ## - PHYSICAL DESCRIPTION |
| Number of Pages |
xii;69p |
| Other physical details |
ill; |
| Dimensions |
29cm |
| 856 ## - ELECTRONIC LOCATION AND ACCESS |
| Uniform Resource Identifier |
https://drive.google.com/file/d/1j9TRB2ju6giY82zrClhwZzpbhyxzPMVE/view?usp=sharing |
| 942 ## - ADDED ENTRY ELEMENTS (KOHA) |
| Koha item type |
RUB |
| 952 ## - LOCATION AND ITEM INFORMATION (KOHA) |
| Withdrawn status [LOCAL, KOHA] |
0 |
| 952 ## - LOCATION AND ITEM INFORMATION (KOHA) |
| Withdrawn status [LOCAL, KOHA] |
0 |
| 952 ## - LOCATION AND ITEM INFORMATION (KOHA) |
| Withdrawn status [LOCAL, KOHA] |
0 |
| 952 ## - LOCATION AND ITEM INFORMATION (KOHA) |
| Withdrawn status [LOCAL, KOHA] |
0 |
| 952 ## - LOCATION AND ITEM INFORMATION (KOHA) |
| Withdrawn status [LOCAL, KOHA] |
0 |
| 952 ## - LOCATION AND ITEM INFORMATION (KOHA) |
| Withdrawn status [LOCAL, KOHA] |
0 |